Score 0/7 Timer 03:00
0 Plays Today
Question Answer Wrong Answers
A jury in Dallas finds ______ guilty of killing Lee Harvey Oswald, the assumed assassin of John F. Kennedy.
1964
Jack Ruby
91.4%
Frank Horn
2.3%
Stan Shwetz
1.6%
George Todd
2.6%
This future US senator is released after spending over five years in a North Vietnamese prisoner of war camp.
1973
John McCain
88.5%
Slade Gorton
1.1%
John Kerry
5.3%
John Glenn
2.9%
This man is elected President of the People's Republic of China.
2013
Xi Jinping
87.9%
Jiang Zemin
4.7%
Li Keqiang
2.6%
Wang Qishan
2.2%
Perry Como's hit ‘Catch A Falling Star’ becomes the first single to receive a Recording Industry Association of America ______ record certification.
1958
Gold
84.4%
Three Star
3.9%
Blue Diamond
6.4%
A+
3.4%
Pelican Island National Wildlife Refuge, the first National wildlife refuge in the United States, is established in Florida by this US President.
1903
Theodore Roosevelt
77.6%
William Howard Taft
6.4%
William McKinley
9.2%
Grover Cleveland
6.6%
A series of riots, protests, and demonstrations erupt in Lhasa and elsewhere in ______.
2008
Tibet
77.3%
Abkhazia
5%
Transnistria
1.7%
Crimea
13.6%
This British film icon, one of only two actors nominated for an Academy Award for acting in every decade from the 1960s to the 2000s, is born.
1933
Michael Caine
46.3%
Sean Connery
14.6%
Anthony Hopkins
29%
Ian McKellen
9.4%
Come Together.
Have Fun.
All Virtual.
We all need to come together. Play Sporcle's virtual live trivia to have fun, connect with people, and get your trivia on. Join a live hosted trivia game for your favorite pub trivia experience done virtually. If a virtual private party is more your thing, go here for details.

You're not logged in!

Compare scores with friends on all Sporcle quizzes.
OR
Log In

Sporcle TV

Today on Sporcle TV


Watch our educational content, quiz creation guides, and fun videos on Sporcle TV.

Show Comments

Extras

Top Quizzes Today


Score Distribution

Paid Content

Your Account Isn't Verified!

In order to create a playlist on Sporcle, you need to verify the email address you used during registration. Go to your Sporcle Settings to finish the process.

Report this User

Report this user for behavior that violates our Community Guidelines.

Details: